| 000 | 00763nmc a2200289 a 4500 | ||
|---|---|---|---|
| 003 | AR-BaBNM | ||
| 005 | 20251128202706.0 | ||
| 008 | 115020s2000 ||||||||||||||000 | spa|| | ||
| 020 | _a950-46-0645-8 | ||
| 040 | _cAR-BaBNM | ||
| 245 | 1 | 0 | _aInicial. Cuentacosas |
| 246 | 1 | _aCuentacosas. Inicial | |
| 250 | _a1ª ed. | ||
| 260 |
_aBuenos Aires _bSantillana _c2000 |
||
| 300 | 0 |
_a125 p. _bil. |
|
| 490 | 0 | _aSantillana EGB | |
| 650 | 4 | _aLIBROS DE TEXTO | |
| 650 | 4 | _aACTIVIDADES DE LA CLASE | |
| 653 | _aLECTOESCRITURA | ||
| 653 | _aEDUCACION INICIAL | ||
| 653 | _aINTEGRACION DE AREAS | ||
| 700 | 1 |
_aMérega, Herminia _edirector |
|
| 700 | 1 |
_aMazzalomo, Lidia _edirector |
|
| 700 | 1 |
_aCarvani, Mercedes _eeditor |
|
| 942 | _cBK | ||
| 998 | _cme-solo cat | ||
| 999 |
_c149 _d149 |
||